000 00492nam a2200157 i 4500
001 50829
003 ES-MaACL
005 20230906162238.0
007 t|
008 030807s1971 sp ||||1| spa d
100 1 _aCuenca y González Ocampo, María del Pilar.
_942008
245 1 0 _aDios también anda entre los golfos /
_cMaría del Pilar Cuenca y González Ocampo.
260 _aMadrid :
_bStudium,
_c[1971]
300 _a50 p., 1 lám. ;
_c19 cm.
852 _aES-MaACL
_j2086-F-30
_bR.77176
999 _c50829
_d50829